00517 a2200133 4500020002000000082001500020100001700035245007700052260004500129300004300174650005800217999001300275952009500288 a139780471720706 a518.64 SOL aSolin, Pavel aPatial Differential Equations and the finite element methodcPavel Solin aNew Jersey :bJohn Wiley and Sons,c2006 axxvi, 472p. :bill ., pics., ;c30 cm aDifferetial Equations, Partial -- Numerical solutions c529d529 00104070aNITbNITcCEd0000-00-00l0o518.64 SOLpNIT-4121 r2017-01-05w2017-01-05yBK